00441cam a2200169ua 45000010005000000080039000050200018000440400009000620820008000711000025000792450031001042500009001352600045001443000017001896530035002067000030002415373120901n ii |||gr||||Z||||||eng a81-85274-92-4 cMAIN a8281 aWordsworth,eAuthor,10aCritics oncby Words Worth a1st. aNew Delhi:bUniversal Book stall,c1994. a114p:c22cm. aEnglish miscellaneous writings1 aCowell, Raymond,eEditor,